00736nam a2200229Ia 4500003000400000005001700004008004100021020001500062040000700077041000800084082001600092100003100108245005300139260004000192300001500232365001300247650002900260906005800289942001200347999001900359952012800378OSt20230425144359.0210423s2002 xx 000 0 und d a8176490024 cAL aeng a574.88 TWYR aTWYMAN (Richard M).992704 aAdvanced molecular biology: a concise reference. aNew DelhibViva Books Pvt Ltdc2002 axi,499bPB b250cINR aMolecular Biology992705 aAdvanced ; biology: ; concise ; molecular ; reference 2ddccBK c162662d162662 001040708BTaSACPGbSACPGd2003-05-02g250.00l1o574.88 TWYRpPG009155r2023-09-21 00:00:00s2023-09-13w2021-04-26yBK